[Event "26th EUR-ch"]
[Site "Katowice POL"]
[Date "2026.04.16"]
[Round "9.117"]
[White "Topencik, Bruno"]
[Black "Rubes, Jan"]
[Result "1/2-1/2"]
[WhiteElo "2265"]
[BlackElo "2393"]
[EventDate "2026.04.07"]
[PlyCount "63"]

1.d4 Nf6 2.c4 e6 3.Nc3 Bb4 4.e3 O-O 5.a3 Bxc3+ 6.bxc3 c5 7.Ne2 b6 8.Ng3 
Bb7 9.Bd3 Nc6 10.O-O Rc8 11.e4 cxd4 12.cxd4 Ne8 13.Be3 Na5 14.Qe2 Ba6 15.
Rac1 Qe7 16.c5 Bxd3 17.Qxd3 Nf6 18.cxb6 axb6 19.d5 Ng4 20.Bxb6 Ne5 21.d6 
Qg5 22.Qb1 Nec4 23.Bxa5 Qxa5 24.Qb4 Qxb4 25.axb4 Nxd6 26.Rcd1 Rc6 27.Rd4 
Rb6 28.Rfd1 Nb5 29.Rxd7 Nc3 30.Rc1 Na2 31.Rb1 Rxb4 32.Rxb4 1/2-1/2

[Event "26th EUR-ch"]
[Site "Katowice POL"]
[Date "2026.04.16"]
[Round "9.118"]
[White "Lazov, Toni"]
[Black "Prisacaru, Stefan-Emilian"]
[Result "1/2-1/2"]
[WhiteElo "2389"]
[BlackElo "2243"]
[EventDate "2026.04.07"]
[PlyCount "74"]

1.e4 c6 2.d4 d5 3.e5 Bf5 4.Nf3 e6 5.Be2 h6 6.O-O Ne7 7.a4 Nd7 8.a5 Rc8 9.
Nbd2 g5 10.Nb3 Bg7 11.h4 f6 12.exf6 Bxf6 13.Nh2 gxh4 14.Bh5+ Kf8 15.Ng4 
Bg5 16.Ra3 Ng8 17.Ne3 Kg7 18.Nc5 Nxc5 19.dxc5 Rc7 20.Be2 a6 21.Nxf5+ exf5 
22.Rf3 Rf7 23.b4 Bxc1 24.Qxc1 Qg5 25.Bd3 Ne7 26.Qb2+ Kh7 27.Kh2 Rg8 28.Rg1
Qg4 29.Qe5 Rg5 30.Rf4 Qh5 31.Be2 Qg6 32.Rxh4 f4 33.Qd6 Qxd6 34.cxd6 Ng6 
35.Rh5 Ne5 36.Re1 Kg6 37.Rxg5+ Kxg5 1/2-1/2

[Event "26th EUR-ch"]
[Site "Katowice POL"]
[Date "2026.04.16"]
[Round "9.119"]
[White "Podolskyi, Mykhailo"]
[Black "Hulka, Valentyn"]
[Result "0-1"]
[WhiteElo "2255"]
[BlackElo "2372"]
[EventDate "2026.04.07"]
[PlyCount "52"]

1.d4 Nf6 2.c4 e6 3.Nc3 Bb4 4.Qc2 O-O 5.Bg5 c5 6.Nf3 cxd4 7.Nxd4 d6 8.O-O-O
Nbd7 9.Ndb5 Qb6 10.Be3 Bc5 11.Bxc5 dxc5 12.e3 a6 13.Nd6 Rd8 14.Be2 Nf8 15.
Nde4 Nxe4 16.Nxe4 Bd7 17.Bd3 h6 18.g4 Qa5 19.Kb1 Ba4 20.b3 Bc6 21.Rhg1 f6 
22.f4 Rd7 23.g5 hxg5 24.fxg5 f5 25.Ng3 Rad8 26.Be2 Rd2 0-1

[Event "26th EUR-ch"]
[Site "Katowice POL"]
[Date "2026.04.16"]
[Round "9.120"]
[White "Brzezina, Pawel"]
[Black "Holtel, Jasper"]
[Result "1/2-1/2"]
[WhiteElo "2248"]
[BlackElo "2370"]
[EventDate "2026.04.07"]
[PlyCount "56"]

1.d4 Nf6 2.c4 g6 3.h4 Bg7 4.Nc3 Nc6 5.Nf3 d6 6.e4 Bg4 7.d5 Ne5 8.Be2 Nxf3+
9.gxf3 Bh5 10.a4 a5 11.Ra3 O-O 12.Kf1 e6 13.Bg5 h6 14.Be3 Qe7 15.Kg2 Kh7 
16.Qc2 Rae8 17.Rb3 b6 18.Rh3 Nd7 19.dxe6 fxe6 20.f4 Bxc3 21.Bxh5 gxh5 22.
Rxc3 e5 23.f5 Rg8+ 24.Kh2 Rg4 25.f3 Rxh4 26.Rd3 Rg8 27.Rd1 Rxh3+ 28.Kxh3 
Qf7 1/2-1/2

[Event "26th EUR-ch"]
[Site "Katowice POL"]
[Date "2026.04.16"]
[Round "9.121"]
[White "Zalega, Maciej"]
[Black "Mkrtchian, Mariam"]
[Result "0-1"]
[WhiteElo "2233"]
[BlackElo "2368"]
[EventDate "2026.04.07"]
[PlyCount "46"]

1.e4 e5 2.Nf3 Nc6 3.Bc4 Nf6 4.d3 Be7 5.a4 O-O 6.O-O d6 7.Nc3 Be6 8.a5 Nb4 
9.Bg5 c5 10.a6 b6 11.Bb5 Bg4 12.Ne2 Bd7 13.Bxd7 Nxd7 14.Bxe7 Qxe7 15.Ng3 
Nb8 16.c3 N4xa6 17.d4 Nc7 18.dxe5 dxe5 19.Qa4 g6 20.c4 Qe8 21.Rfd1 Nc6 22.
Rd6 Nd4 23.Rd7 b5 0-1

[Event "26th EUR-ch"]
[Site "Katowice POL"]
[Date "2026.04.16"]
[Round "9.122"]
[White "Aslanov, Umid"]
[Black "Mierins, Emils Janis"]
[Result "1-0"]
[WhiteElo "2368"]
[BlackElo "2223"]
[EventDate "2026.04.07"]
[PlyCount "135"]

1.e4 Nf6 2.e5 Nd5 3.d4 d6 4.exd6 cxd6 5.g3 g6 6.Bg2 Nb6 7.Nf3 Bg7 8.O-O 
O-O 9.a4 a5 10.b3 Nc6 11.Bb2 Bf5 12.c3 e5 13.Nh4 Bd7 14.Na3 g5 15.Nf3 e4 
16.Ne1 d5 17.Nec2 f5 18.f3 Qe8 19.Qe2 Qg6 20.Nb5 Rae8 21.fxe4 dxe4 22.Ba3 
f4 23.Bxf8 f3 24.Bxf3 exf3 25.Qxf3 Rxf8 26.Qg2 Bf5 27.Ne3 Be4 28.Rxf8+ 
Bxf8 29.Qf2 g4 30.Rf1 Nd7 31.Nc7 Bd6 32.Ncd5 Bf3 33.Qd2 Qg5 34.Qd3 Nd8 35.
Qb5 Nf8 36.Nf5 Nf7 37.Nde3 Nh6 38.h4 Qg6 39.Qxa5 Nxf5 40.Nxf5 Qe6 41.Qb5 
Nd7 42.Nxd6 Qxd6 43.Qg5+ Kh8 44.Qd8+ Kg7 45.Qg5+ Kh8 46.Qd8+ Kg7 47.Kf2 
Bc6 48.Re1 Qf6+ 49.Qxf6+ Nxf6 50.Re3 Nd5 51.Rd3 Bd7 52.c4 Bf5 53.Rd2 Nc3 
54.Ke3 Kf6 55.Kf4 h5 56.a5 Be4 57.d5 Ke7 58.b4 Bf3 59.b5 Ne4 60.a6 Nxd2 
61.axb7 Nxc4 62.b8=Q Bxd5 63.Qc7+ Ke6 64.b6 Nd6 65.Qh7 Bf3 66.Qxh5 Nf7 67.
Qf5+ Ke7 68.h5 1-0

[Event "26th EUR-ch"]
[Site "Katowice POL"]
[Date "2026.04.16"]
[Round "9.123"]
[White "Antolak, Julia"]
[Black "Luczak, Filip"]
[Result "1/2-1/2"]
[WhiteElo "2223"]
[BlackElo "2362"]
[EventDate "2026.04.07"]
[PlyCount "123"]

1.d4 Nf6 2.c4 e5 3.dxe5 Ng4 4.e3 Nxe5 5.f4 Nec6 6.Nf3 Bb4+ 7.Kf2 d6 8.a3 
Bc5 9.Nc3 Nd7 10.Bd3 Nf6 11.h3 Be6 12.Na4 a5 13.Qc2 Ba7 14.Ng5 Qe7 15.Bd2 
Bd7 16.Rhe1 h6 17.Nf3 O-O 18.Nc3 Be6 19.Kg1 d5 20.cxd5 Bxd5 21.Nxd5 Nxd5 
22.Kh1 Nxe3 23.Rxe3 Bxe3 24.Re1 Rfe8 25.Bxe3 Qf6 26.Bb5 Re6 27.Bxc6 Rxc6 
28.Qb3 b6 29.Ne5 Qe6 30.Qa4 Rd6 31.Bf2 Qd5 32.Nf3 Rf8 33.Qe4 Qb3 34.f5 c5 
35.Bg3 Rd1 36.f6 Rxe1+ 37.Qxe1 Qe6 38.Qxe6 fxe6 39.fxg7 Kxg7 40.Bc7 b5 41.
Bxa5 Kg6 42.Kg1 Kf5 43.Kf2 Ke4 44.Ke2 h5 45.Bd2 Rg8 46.Kf2 Kd3 47.Be3 Rc8 
48.g4 hxg4 49.hxg4 Kc2 50.b4 c4 51.Ke2 Kb2 52.Nd4 Rb8 53.Nxe6 c3 54.Nc5 
Kxa3 55.g5 c2 56.Nd3 Ka2 57.g6 Rg8 58.Ne5 Re8 59.Nd3 Rg8 60.Ne5 Re8 61.Nd3
Rg8 62.Ne5 1/2-1/2

[Event "26th EUR-ch"]
[Site "Katowice POL"]
[Date "2026.04.16"]
[Round "9.124"]
[White "Beydullayeva, Govhar"]
[Black "Gov, Guy"]
[Result "1-0"]
[WhiteElo "2358"]
[BlackElo "2221"]
[EventDate "2026.04.07"]
[PlyCount "73"]

1.d4 d5 2.c4 dxc4 3.e4 Nf6 4.e5 Nd5 5.Bxc4 Bf5 6.Qb3 c6 7.Bxd5 Qxd5 8.Qxb7
Qxg2 9.Qxa8 Qxh1 10.Qxb8+ Kd7 11.e6+ fxe6 12.Qg3 Bxb1 13.f3 Bf5 14.Be3 g5 
15.d5 cxd5 16.Qb8 e5 17.Qxe5 e6 18.Rc1 Bb4+ 19.Kd1 Qg2 20.Qc7+ Ke8 21.Qb8+
Kf7 22.Qxb4 Qf1+ 23.Qe1 Qd3+ 24.Qd2 Qf1+ 25.Qe1 Qd3+ 26.Bd2 Rb8 27.b3 Qa6 
28.Ne2 Qd3 29.Rc3 Qb1+ 30.Nc1 d4 31.Rc7+ Kf6 32.Qg3 h6 33.Qd6 Kg6 34.h4 
Bh3 35.Qe5 Qf5 36.Rg7+ Kh5 37.Qxf5 1-0

[Event "26th EUR-ch"]
[Site "Katowice POL"]
[Date "2026.04.16"]
[Round "9.125"]
[White "Dubinski, Mateusz"]
[Black "Dubnevych, Maksym"]
[Result "0-1"]
[WhiteElo "2222"]
[BlackElo "2341"]
[EventDate "2026.04.07"]
[PlyCount "114"]

1.d4 Nf6 2.c4 e6 3.Nc3 Bb4 4.e3 O-O 5.Bd2 b6 6.Bd3 Bb7 7.Nge2 Bxg2 8.Rg1 
Bf3 9.Qc2 d5 10.cxd5 exd5 11.Rg3 Bh5 12.O-O-O Bd6 13.f4 Re8 14.Rdg1 g6 15.
Rg5 Bxe2 16.Bxe2 Bb4 17.f5 Bxc3 18.bxc3 Ne4 19.R5g4 Nd7 20.fxg6 hxg6 21.
Be1 Qe7 22.Bf3 Ndf6 23.Rf4 c5 24.Bh4 cxd4 25.Kb2 dxc3+ 26.Ka1 Qe5 27.Bxf6 
Nxf6 28.Rxg6+ fxg6 29.Qxg6+ Kf8 30.Rxf6+ Ke7 31.Qf7+ Kd8 32.Kb1 c2+ 33.
Kxc2 Rc8+ 34.Kb1 Rc5 35.a4 Qxh2 36.Qg6 Re7 37.Bxd5 Qh7 38.Qxh7 Rxh7 39.e4 
Rh2 40.Rf8+ Kc7 41.Rf7+ Kd6 42.Rxa7 Rc8 43.Rb7 Kc5 44.a5 bxa5 45.Rb2 Rh1+ 
46.Ka2 Rf8 47.Rc2+ Kb4 48.Rb2+ Kc3 49.Rb3+ Kd4 50.Rb1 Rf2+ 51.Ka1 Rhh2 52.
Rd1+ Kc3 53.Rc1+ Kb4 54.Rb1+ Ka3 55.Rb3+ Ka4 56.Rb1 Rd2 57.Bc6+ Ka3 0-1

[Event "26th EUR-ch"]
[Site "Katowice POL"]
[Date "2026.04.16"]
[Round "9.126"]
[White "Kaczmarek, Aleksander"]
[Black "Korszanski, Stanislaw"]
[Result "1-0"]
[WhiteElo "2340"]
[BlackElo "2215"]
[EventDate "2026.04.07"]
[PlyCount "85"]

1.e4 e5 2.Nf3 Nc6 3.Bc4 Bc5 4.c3 Nf6 5.Qe2 d6 6.d3 Be6 7.Bb3 Bxb3 8.axb3 
a6 9.Nbd2 Ba7 10.b4 Ne7 11.Nh4 g5 12.Nf5 Nxf5 13.exf5 Qd7 14.g4 h5 15.Ne4 
Nxe4 16.Qxe4 O-O-O 17.Rxa6 d5 18.Rxa7 Kb8 19.Qe3 d4 20.Rxb7+ Kxb7 21.Qe4+ 
Kb8 22.c4 f6 23.b5 hxg4 24.Ke2 Rh4 25.Bxg5 fxg5 26.Ra1 c6 27.bxc6 Qc7 28.
Ra6 Rxh2 29.Qxg4 Rd6 30.Qg1 Qh7 31.c7+ Kb7 32.Ra7+ Kxa7 33.c8=Q Rh1 34.
Qc5+ Rb6 35.Qxg5 e4 36.Qge7+ Qxe7 37.Qxe7+ Kb8 38.Qxe4 Rxb2+ 39.Kf3 Rh3+ 
40.Kg2 Rh7 41.f6 Rbb7 42.Qxd4 Rbf7 43.c5 1-0

[Event "26th EUR-ch"]
[Site "Katowice POL"]
[Date "2026.04.16"]
[Round "9.127"]
[White "Prazak, Daniel"]
[Black "Kosmas-Lekkas, Dimitrios"]
[Result "1/2-1/2"]
[WhiteElo "2339"]
[BlackElo "2195"]
[EventDate "2026.04.07"]
[PlyCount "144"]

1.e4 c5 2.Nf3 Nc6 3.Bb5 Nf6 4.Bxc6 dxc6 5.d3 Bg4 6.h3 Bh5 7.Qe2 Nd7 8.g4 
Bg6 9.Bf4 h5 10.Nh4 e5 11.Nxg6 fxg6 12.Be3 h4 13.Nd2 Bd6 14.O-O-O Nf8 15.
g5 Qd7 16.Rdg1 O-O-O 17.Rg4 Qf7 18.Kb1 Ne6 19.Nf3 Nd4 20.Bxd4 cxd4 21.Nxh4
Rdf8 22.f3 c5 23.Qe1 Qe6 24.Qg3 Rf7 25.Ng2 b5 26.Rc1 c4 27.c3 Rc7 28.cxd4 
exd4 29.f4 Kb8 30.Ne1 Rhc8 31.Qf3 Bb4 32.Rg1 Bd2 33.Rc2 Be3 34.Rf1 Qd7 35.
dxc4 bxc4 36.Re2 c3 37.Rc2 cxb2 38.Rxb2+ Rb7 39.Nd3 Rxb2+ 40.Nxb2 Qc6 41.
Qd1 Qxe4+ 42.Qd3 Qf5 43.Ka1 Qxd3 44.Nxd3 Kc7 45.f5 gxf5 46.Rxf5 Kd6 47.Kb2
Rc3 48.Nb4 Bc1+ 49.Kb1 Ba3 50.Nc2 Bc5 51.Ne1 d3 52.Rf1 d2 53.Nc2 Rxh3 54.
Rd1 Rd3 55.g6 Ke5 56.Na1 Rd5 57.Nb3 Be3 58.Kc2 Ke4 59.a4 Kf3 60.Nxd2+ 
Rxd2+ 61.Rxd2 Bxd2 62.Kxd2 Ke4 63.Kc3 Kf5 64.Kb4 Kxg6 65.Ka5 Kf5 66.Ka6 g5
67.Kxa7 g4 68.a5 g3 69.a6 g2 70.Kb8 g1=Q 71.a7 Qb6+ 72.Ka8 Ke5 1/2-1/2

[Event "26th EUR-ch"]
[Site "Katowice POL"]
[Date "2026.04.16"]
[Round "9.128"]
[White "Ringuet, Noe"]
[Black "Papakonstantinou, Dimitrios"]
[Result "0-1"]
[WhiteElo "2220"]
[BlackElo "2338"]
[EventDate "2026.04.07"]
[PlyCount "30"]

1.d4 Nf6 2.Bf4 d6 3.Nc3 c6 4.e4 Qa5 5.Bd2 e5 6.Nf3 Qc7 7.a4 exd4 8.Nxd4 g6
9.Bf4 Nbd7 10.Qd2 Nc5 11.O-O-O Be7 12.Ndb5 cxb5 13.Nxb5 Nb3+ 14.Kb1 Nxd2+ 
15.Rxd2 Qa5 0-1

[Event "26th EUR-ch"]
[Site "Katowice POL"]
[Date "2026.04.16"]
[Round "9.129"]
[White "Pycinski, Wladyslaw"]
[Black "Gagic, Milan"]
[Result "1/2-1/2"]
[WhiteElo "2218"]
[BlackElo "2337"]
[EventDate "2026.04.07"]
[PlyCount "120"]

1.e4 c5 2.Nf3 e6 3.Nc3 a6 4.g3 Nc6 5.Bg2 Nf6 6.O-O d6 7.d4 cxd4 8.Nxd4 Qc7
9.Re1 Be7 10.Nxc6 bxc6 11.e5 dxe5 12.Rxe5 O-O 13.Re1 Rd8 14.Qe2 Rb8 15.Bf4
Bd6 16.Bxd6 Rxd6 17.Rad1 Rxd1 18.Rxd1 h5 19.Ne4 Nxe4 20.Bxe4 g6 21.Qd3 Kg7
22.b3 c5 23.Qd6 Qxd6 24.Rxd6 Kf6 25.Rc6 Ke5 26.Bg2 Kd4 27.f4 a5 28.c3+ 
Kxc3 29.Rxc5+ Kb4 30.Rc4+ Kb5 31.Rc7 f5 32.Bf1+ Kb6 33.Rg7 Bb7 34.Rxg6 Bd5
35.Bg2 Kc5 36.Rg5 h4 37.gxh4 Rb4 38.Kf2 a4 39.Bxd5 Kxd5 40.h5 axb3 41.axb3
Rxb3 42.Kg2 Ke4 43.h6 Rb8 44.Kg3 e5 45.fxe5 Kxe5 46.Rg6 f4+ 47.Kg4 f3 48.
Kxf3 Kf5 49.Ra6 Kg5 50.h7 Rh8 51.Ra7 Kg6 52.Kg4 Rxh7 53.Ra6+ Kg7 54.h4 Rh6
55.Ra7+ Kg8 56.h5 Rb6 57.Re7 Rb4+ 58.Kf5 Rb5+ 59.Re5 Rxe5+ 60.Kxe5 Kh8 
1/2-1/2

[Event "26th EUR-ch"]
[Site "Katowice POL"]
[Date "2026.04.16"]
[Round "9.130"]
[White "Trushko, Andrii"]
[Black "Lecki, Leonard"]
[Result "1-0"]
[WhiteElo "2325"]
[BlackElo "2189"]
[EventDate "2026.04.07"]
[PlyCount "171"]

1.d4 d5 2.c4 c6 3.cxd5 cxd5 4.Bf4 Nc6 5.e3 Nf6 6.Nc3 a6 7.Be2 Bf5 8.Nf3 e6
9.Qb3 Qd7 10.O-O Be7 11.Na4 Na5 12.Qd1 Qd8 13.Rc1 Rc8 14.Nc5 O-O 15.b4 Nc4
16.Qb3 b5 17.a4 Ne4 18.Rfe1 g5 19.Bg3 h5 20.Nxa6 h4 21.Bc7 Rxc7 22.Nxc7 
bxa4 23.Qxa4 Qxc7 24.b5 Rc8 25.Ne5 Bd6 26.Bxc4 Bxe5 27.dxe5 dxc4 28.f3 Nd2
29.Qb4 Rd8 30.Re2 Qxe5 31.Qe7 Qd6 32.Qxd6 Rxd6 33.e4 Bg6 34.Rc2 Nb3 35.
Rxc4 Rb6 36.Rb4 Nc5 37.Rc2 Nd3 38.Rb3 Ne5 39.Rc5 Nd7 40.Rc7 Ne5 41.Kf2 Kf8
42.Ke3 Ke8 43.Ra3 Kd8 44.Rc5 f6 45.Ra6 Rb8 46.b6 Be8 47.g3 hxg3 48.hxg3 
Nc6 49.Rc1 Kc8 50.Rh1 Kb7 51.Ra3 Ne5 52.Rc3 Bc6 53.Rh7+ Kxb6 54.Re7 Rf8 
55.Rxe6 Kc7 56.f4 gxf4+ 57.gxf4 Kd7 58.f5 Rh8 59.Kd4 Rh4 60.Re3 Rh6 61.Rg3
Kc7 62.Rc3 Rh4 63.Re3 Rh6 64.Re2 Kd7 65.Kc5 Kc7 66.Re7+ Nd7+ 67.Kd4 Kd6 
68.Re6+ Kc7 69.Rc2 Ne5 70.Rexc6+ Nxc6+ 71.Kd5 Kd7 72.Rxc6 Ke7 73.Rc7+ Kd8 
74.Ra7 Rh4 75.Rf7 Rh6 76.Ke6 Rh4 77.Rd7+ Ke8 78.Re7+ Kf8 79.Kxf6 Rh6+ 80.
Kg5 Rh1 81.Ra7 Re1 82.Kf6 Rxe4 83.Ra8+ Re8 84.Rxe8+ Kxe8 85.Kg7 Ke7 86.f6+
1-0

[Event "26th EUR-ch"]
[Site "Katowice POL"]
[Date "2026.04.16"]
[Round "9.131"]
[White "Rodriguez Redondo, Adhara"]
[Black "Zawadzka, Jolanta"]
[Result "1/2-1/2"]
[WhiteElo "2203"]
[BlackElo "2324"]
[EventDate "2026.04.07"]
[PlyCount "143"]

1.e4 e5 2.Nf3 Nc6 3.Nc3 Nf6 4.d4 Bb4 5.Qd3 d5 6.dxe5 Nxe4 7.a3 Bxc3+ 8.
bxc3 O-O 9.c4 Re8 10.Bb2 Ng5 11.O-O-O Nxf3 12.gxf3 Qg5+ 13.Kb1 Bf5 14.Qe3 
Qg6 15.Rxd5 Bxc2+ 16.Ka1 a5 17.h4 Bf5 18.h5 Qe6 19.Bd3 Ne7 20.Rg1 Bxd3 21.
Rxd3 Nf5 22.Qg5 h6 23.Qg4 Rad8 24.Rd5 c6 25.Rd6 Rxd6 26.exd6 f6 27.Qg6 Rf8
28.c5 Rf7 29.Qg4 Qd5 30.Qe4 b6 31.Qxd5 cxd5 32.Rd1 d4 33.Bxd4 bxc5 34.Bxc5
Rd7 35.Rd5 Nh4 36.Bb6 a4 37.f4 Kf7 38.Bc7 Ke6 39.Ra5 Nf5 40.Rxa4 Nxd6 41.
Bxd6 Rxd6 42.Ra7 Rd5 43.Rxg7 Rxh5 44.Kb2 Rh2 45.Rh7 Kf5 46.Kc3 Kg6 47.Rh8 
Rxf2 48.Rg8+ Kh5 49.Rg1 Rxf4 50.Ra1 Ra4 51.Kb3 Ra8 52.Rh1+ Kg5 53.Rg1+ Kf5
54.Rf1+ Ke5 55.Re1+ Kd4 56.Rd1+ Ke3 57.Re1+ Kd3 58.Rd1+ Ke2 59.Rh1 f5 60.
Rxh6 Rf8 61.a4 f4 62.Kb4 f3 63.a5 f2 64.Rh1 f1=Q 65.Rxf1 Rxf1 66.Kb5 Kd3 
67.a6 Kd4 68.a7 Rf8 69.Kc6 Kc4 70.Kb7 Kb5 71.a8=Q Rxa8 72.Kxa8 1/2-1/2

[Event "26th EUR-ch"]
[Site "Katowice POL"]
[Date "2026.04.16"]
[Round "9.132"]
[White "Sason, Noam"]
[Black "Baerwinkel, Tobias"]
[Result "1-0"]
[WhiteElo "2199"]
[BlackElo "2323"]
[EventDate "2026.04.07"]
[PlyCount "93"]

1.e4 c5 2.Nf3 d6 3.d4 cxd4 4.Nxd4 Nf6 5.Nc3 Nc6 6.Bc4 e6 7.Be3 Bd7 8.Nxc6 
Bxc6 9.f3 Be7 10.Qe2 a6 11.a4 O-O 12.O-O Qa5 13.Bd3 Rac8 14.Nb5 Bd7 15.Na3
Qh5 16.g4 Qa5 17.Nc4 Qd8 18.Bb6 Qe8 19.g5 Nh5 20.f4 g6 21.Be3 Qd8 22.Nb6 
Rc7 23.Rad1 Bc6 24.b4 e5 25.fxe5 Bxg5 26.b5 axb5 27.axb5 Bxb5 28.Bxb5 Rxc2
29.Qd3 Bxe3+ 30.Qxe3 Qh4 31.Be2 dxe5 32.Nd5 Nf4 33.Nxf4 exf4 34.Qf3 Rfc8 
35.Qg4 Qxg4+ 36.Bxg4 R8c4 37.Bf3 Rc7 38.Rf2 Rxf2 39.Kxf2 Rc2+ 40.Kg1 Rb2 
41.Rd7 Rb5 42.Kf2 b6 43.Be2 Re5 44.Bd3 g5 45.Kf3 h5 46.Bc4 Rc5 47.Bxf7+ 
1-0

[Event "26th EUR-ch"]
[Site "Katowice POL"]
[Date "2026.04.16"]
[Round "9.133"]
[White "Udelnov, Valentin"]
[Black "Fiedorek, Michal"]
[Result "0-1"]
[WhiteElo "2186"]
[BlackElo "2323"]
[EventDate "2026.04.07"]
[PlyCount "102"]

1.e4 c5 2.Nf3 d6 3.d4 cxd4 4.Nxd4 Nf6 5.Nc3 Nc6 6.Bg5 e6 7.Qd3 Bd7 8.O-O-O
a6 9.f4 h6 10.Nxc6 Bxc6 11.Bh4 g5 12.fxg5 Ng4 13.Qd4 hxg5 14.Bg3 Qf6 15.
Qb6 Ne5 16.Be2 Be7 17.Rhf1 Qg7 18.Rf2 Rc8 19.Rdf1 O-O 20.Qd4 b5 21.Bxe5 
Qxe5 22.Qa7 f6 23.Bg4 Bd8 24.Qxa6 Rc7 25.Qa3 Bd7 26.Qb3 Kg7 27.Bf3 Rc5 28.
Rd1 g4 29.Bxg4 b4 30.Nb1 Qg5+ 31.Rfd2 Qxg4 32.Rxd6 Qf4+ 33.R1d2 Bc8 34.g3 
Qh6 35.Qxb4 Rc7 36.Qb8 Rc4 37.b3 Bc7 38.Qa7 Rf7 39.bxc4 Bxd6 40.Qa8 Bb7 
41.Qd8 Be5 42.Qd3 Bc6 43.Kd1 f5 44.exf5 Rxf5 45.c3 Rf3 46.Qe2 Qf6 47.Kc1 
Bxc3 48.Rd3 Rf1+ 49.Rd1 Bb2+ 50.Qxb2 Rxd1+ 51.Kc2 Ba4+ 0-1

[Event "26th EUR-ch"]
[Site "Katowice POL"]
[Date "2026.04.16"]
[Round "9.134"]
[White "Ugorek, Kacper"]
[Black "Warchol, Kamil"]
[Result "1/2-1/2"]
[WhiteElo "2181"]
[BlackElo "2321"]
[EventDate "2026.04.07"]
[PlyCount "35"]

1.d4 Nf6 2.c4 e6 3.Nf3 d5 4.Nc3 c6 5.Bg5 Nbd7 6.e3 Qa5 7.cxd5 Nxd5 8.Qd2 
Bb4 9.Rc1 c5 10.a3 Bxc3 11.bxc3 b6 12.c4 Qxd2+ 13.Nxd2 N5f6 14.f3 O-O 15.
Bd3 Ba6 16.Ke2 Rac8 17.Rhd1 Rfe8 18.Bxf6 1/2-1/2

[Event "26th EUR-ch"]
[Site "Katowice POL"]
[Date "2026.04.16"]
[Round "9.135"]
[White "Petrovic, Aleksa"]
[Black "Sapocinic, Semion"]
[Result "0-1"]
[WhiteElo "2178"]
[BlackElo "2307"]
[EventDate "2026.04.07"]
[PlyCount "144"]

1.Nf3 d5 2.g3 g6 3.c4 dxc4 4.Qa4+ Nc6 5.Qxc4 Bg7 6.Bg2 e5 7.O-O Nge7 8.d3 
O-O 9.Nc3 Be6 10.Qa4 h6 11.Bd2 Nd5 12.Rfc1 Nb6 13.Qd1 Nd4 14.Ne4 Bd5 15.
Nxd4 exd4 16.a4 Nc8 17.a5 c6 18.h4 Re8 19.Bf4 Kh7 20.b4 a6 21.Nc5 Bxg2 22.
Kxg2 Qd5+ 23.Kg1 Re7 24.Na4 Qe6 25.Nc5 Qg4 26.e4 Qxd1+ 27.Rxd1 f6 28.g4 
Na7 29.h5 gxh5 30.gxh5 Nb5 31.Kh2 f5 32.exf5 Rf7 33.Bg3 Bf8 34.Re1 Bxc5 
35.bxc5 Rg8 36.Re5 Rg5 37.f6 Rxf6 38.Re7+ Kg8 39.Rxb7 Rxh5+ 40.Kg2 Rxc5 
41.Rb6 Rc3 42.Rxa6 Rxd3 43.Ra8+ Rf8 44.Rxf8+ Kxf8 45.a6 Ke7 46.a7 Nxa7 47.
Rxa7+ Ke6 48.Rh7 Kd5 49.Rxh6 c5 50.Rd6+ Ke4 51.f3+ Ke3 52.Bf2+ Kf4 53.Bg3+
Ke3 54.Re6+ Kd2 55.Rc6 Rc3 56.Bf2 Kc2 57.Rd6 d3 58.Be3 c4 59.Rd4 Kd1 60.
Kf1 Rc2 61.Bf2 d2 62.Be3 c3 63.Kf2 Rc1 64.f4 Kc2 65.Bxd2 cxd2 66.Ke3 Re1+ 
67.Kf3 Kc3 68.Rxd2 Kxd2 69.f5 Kd3 70.Kf4 Kd4 71.f6 Rf1+ 72.Kg5 Ke5 0-1

[Event "26th EUR-ch"]
[Site "Katowice POL"]
[Date "2026.04.16"]
[Round "9.136"]
[White "Krzywda, Andrzej"]
[Black "Tsaknakis, Zisis"]
[Result "1/2-1/2"]
[WhiteElo "2172"]
[BlackElo "2306"]
[EventDate "2026.04.07"]
[PlyCount "120"]

1.e4 e6 2.d4 d5 3.e5 c5 4.c3 Nc6 5.Nf3 Bd7 6.Be2 Nge7 7.O-O cxd4 8.cxd4 
Nf5 9.Nc3 Rc8 10.Bg5 Qb6 11.Na4 Qa5 12.Rc1 h6 13.Be3 Be7 14.a3 O-O 15.Nc3 
a6 16.Bd3 Nxe3 17.fxe3 b5 18.Ne2 b4 19.a4 b3 20.Qxb3 Nb4 21.Ra1 Rb8 22.Bb1
Rfc8 23.Nc3 g6 24.Qd1 Nc6 25.Rf2 Rxb2 26.Rxb2 Qxc3 27.Qd2 Bb4 28.Raa2 Qxd2
29.Nxd2 Bxd2 30.Rxd2 Nb4 31.Rab2 Rc1+ 32.Kf2 a5 33.Bc2 Bc6 34.Bd1 Kf8 35.
Ke2 Ra1 36.Bb3 Rg1 37.Kf3 Rf1+ 38.Ke2 Rg1 39.Kf2 Rc1 40.h3 Bb7 41.Kf3 Rf1+
42.Rf2 Rc1 43.Rfd2 Rf1+ 44.Kg3 Re1 45.Kf2 Rc1 46.Bd1 Bc6 47.Rb3 Ke7 48.Be2
Kd8 49.Bb5 Bxb5 50.axb5 Kc7 51.Kg3 Kb6 52.Rf2 Rc7 53.Rb1 Kxb5 54.Rfb2 Rc3 
55.Kf2 Rc4 56.Ke2 a4 57.Ra1 Rc3 58.Rab1 Rc4 59.Ra1 Rc3 60.Rab1 Rc4 1/2-1/2

[Event "26th EUR-ch"]
[Site "Katowice POL"]
[Date "2026.04.16"]
[Round "9.137"]
[White "Fruebing, Stefan"]
[Black "Obada, Ema"]
[Result "1/2-1/2"]
[WhiteElo "2304"]
[BlackElo "2181"]
[EventDate "2026.04.07"]
[PlyCount "58"]

1.e4 e6 2.d4 d5 3.Nd2 c5 4.exd5 Qxd5 5.Ngf3 cxd4 6.Bc4 Qd7 7.O-O Nc6 8.Nb3
a6 9.Nbxd4 Nxd4 10.Nxd4 Qc7 11.Bd3 Bd6 12.h3 Nf6 13.Re1 O-O 14.Bg5 Bh2+ 
15.Kh1 Be5 16.c3 h6 17.Bd2 b6 18.Qe2 Bf4 19.Bxf4 Qxf4 20.Qe3 Qxe3 21.Rxe3 
Bb7 22.Kg1 Rfd8 23.g3 Rac8 24.Rae1 Rc5 25.Bf1 Bd5 26.a3 Bc4 27.Bg2 Bd5 28.
Bf1 Bc4 29.Bg2 Bd5 1/2-1/2

[Event "26th EUR-ch"]
[Site "Katowice POL"]
[Date "2026.04.16"]
[Round "9.138"]
[White "Azoulay, Yehonatan"]
[Black "Senel, Hayri Beyhun"]
[Result "1-0"]
[WhiteElo "2299"]
[BlackElo "2172"]
[EventDate "2026.04.07"]
[PlyCount "69"]

1.e4 d5 2.exd5 Qxd5 3.Nc3 Qd6 4.d4 Nf6 5.Nf3 c6 6.Be2 Bf5 7.O-O h6 8.Ne5 
Nbd7 9.Bf4 Nxe5 10.Bxe5 Qd7 11.Re1 e6 12.Bf3 Be7 13.Qe2 O-O 14.Rad1 Qd8 
15.a3 Nd7 16.Bg3 Nf6 17.Be5 Nd7 18.Be4 Bxe4 19.Nxe4 Nf6 20.c4 Nxe4 21.Qxe4
Bf6 22.Qf4 Bxe5 23.dxe5 Qe7 24.Rd6 c5 25.Red1 Rfd8 26.h4 Rxd6 27.exd6 Qd7 
28.Rd3 b6 29.b4 Rc8 30.b5 Re8 31.Qe4 h5 32.a4 Rc8 33.Qc6 Rd8 34.a5 bxa5 
35.Qxc5 1-0

[Event "26th EUR-ch"]
[Site "Katowice POL"]
[Date "2026.04.16"]
[Round "9.139"]
[White "Gradalski, Olaf"]
[Black "Nakonechnyi, Oleksii"]
[Result "0-1"]
[WhiteElo "2167"]
[BlackElo "2297"]
[EventDate "2026.04.07"]
[PlyCount "72"]

1.c4 c6 2.e4 d5 3.cxd5 cxd5 4.exd5 Nf6 5.Qa4+ Nbd7 6.Nc3 g6 7.Nf3 Bg7 8.
Bc4 a6 9.d3 Rb8 10.Bb3 b5 11.Qf4 Bb7 12.d6 Nc5 13.O-O Qxd6 14.Qxd6 exd6 
15.Re1+ Kd7 16.Bc2 Nd5 17.Nxd5 Bxd5 18.Rd1 Rhc8 19.d4 Ne6 20.Bd3 Bxf3 21.
gxf3 Bxd4 22.a4 Ke7 23.axb5 axb5 24.Ra5 b4 25.b3 Ra8 26.Rxa8 Rxa8 27.Bc4 
Ra2 28.Bd2 Bc5 29.Kg2 g5 30.Kg3 f5 31.h4 gxh4+ 32.Kg2 Kf6 33.f4 Nxf4+ 34.
Kf3 Ng6 35.Kg2 Ne5 36.Bg8 Ng4 0-1

[Event "26th EUR-ch"]
[Site "Katowice POL"]
[Date "2026.04.16"]
[Round "9.140"]
[White "Yekeler, Kerem Sarp"]
[Black "Rekuc, Patryk"]
[Result "1/2-1/2"]
[WhiteElo "2116"]
[BlackElo "2280"]
[EventDate "2026.04.07"]
[PlyCount "125"]

1.e4 c5 2.Nc3 d6 3.f4 g6 4.Nf3 Bg7 5.Bb5+ Bd7 6.Bc4 Nc6 7.d3 Na5 8.Bd2 a6 
9.e5 Nxc4 10.dxc4 Bc6 11.Qe2 Nh6 12.O-O-O O-O 13.Rhg1 Nf5 14.Be1 Qc7 15.
Nd5 Bxd5 16.cxd5 Nd4 17.Nxd4 cxd4 18.Bg3 Qa5 19.Qc4 Rfd8 20.Rxd4 dxe5 21.
fxe5 Bh6+ 22.Kb1 Be3 23.Rgd1 Bxd4 24.Qxd4 Rac8 25.Bh4 Qc5 26.Qxc5 Rxc5 27.
c4 Rxc4 28.Bxe7 Rd7 29.d6 Rc5 30.Re1 Kg7 31.g4 h6 32.h4 Rc6 33.Bf6+ Kf8 
34.h5 g5 35.Rc1 Ke8 36.Rh1 Kf8 37.a3 b5 38.Rc1 Rxc1+ 39.Kxc1 Rb7 40.Kd2 
Ke8 41.Bg7 f6 42.Bxf6 Kf7 43.Kc3 a5 44.Kd4 Ke6 45.Kc5 b4 46.a4 Rb8 47.Kc6 
Rc8+ 48.Kb6 b3 49.Kxa5 Rc2 50.Kb4 Rxb2 51.d7 Rd2 52.Kxb3 Rxd7 53.a5 Rd5 
54.Kb4 Rd4+ 55.Kb5 Rxg4 56.a6 Rg2 57.a7 Ra2 58.Kb6 g4 59.Bg7 Rb2+ 60.Kc6 
Ra2 61.Kb7 Rb2+ 62.Kc7 Ra2 63.Kb7 1/2-1/2

[Event "26th EUR-ch"]
[Site "Katowice POL"]
[Date "2026.04.16"]
[Round "9.141"]
[White "Namyslak, Piotr"]
[Black "Varga, Csaba Zoltan"]
[Result "0-1"]
[WhiteElo "1953"]
[BlackElo "2280"]
[EventDate "2026.04.07"]
[PlyCount "114"]

1.e4 c5 2.Nf3 a6 3.g3 e6 4.Bg2 Nf6 5.Nc3 d5 6.exd5 exd5 7.O-O Be7 8.d4 O-O
9.dxc5 Bxc5 10.Bg5 Nc6 11.Bxf6 Qxf6 12.Qxd5 Ba7 13.Qg5 Qxg5 14.Nxg5 Bf5 
15.Be4 Bxe4 16.Ncxe4 f5 17.Nd6 Rf6 18.Nc4 b5 19.Nd2 Nb4 20.Rae1 h6 21.Nh3 
g5 22.Re7 Nc6 23.Rb7 Re8 24.Nb3 f4 25.Na5 Re7 26.Rxe7 Nxe7 27.Rd1 Bb6 28.
Nb3 Nf5 29.Kg2 f3+ 30.Kf1 Nd6 31.Rd3 Nc4 32.Ng1 g4 33.h3 h5 34.hxg4 hxg4 
35.Rd5 Kf7 36.Nd2 Ke6 37.Ne4 Rf5 38.Rd3 Re5 39.Nd2 Nxd2+ 40.Rxd2 Rd5 41.
Rd3 Rxd3 42.cxd3 Bd4 43.b3 b4 44.Ne2 fxe2+ 45.Kxe2 Ke5 46.f3 Kf5 47.f4 Bc5
48.Ke1 Ke6 49.Kf1 Kd5 50.Ke2 Kd4 51.Kd2 a5 52.Ke2 Kc3 53.f5 Bd4 54.f6 Bxf6
55.Ke3 Be5 56.Ke4 Bxg3 57.d4 Bb8 0-1